• 首页
  • 本馆介绍
  • 公告通知
  • 最新文献
  • 馆藏检索
  • 电子资源
  • 读者导购
  • 参考咨询
  • 我的图书馆
  • 登录
  • 详细信息显示
  • 放入我的书架
  • 预约/预借图书
  • 作者相关作品
  • 分类相关作品
  • 丛书相关作品
  • 出版社相关作品

书目信息

  • 表格格式
  • 工作单格式
  • 卡片格式
题名:
高等量子力学习题解答
    
 
作者: 井孝功 , 郑仰东 编著
分册:  
出版信息: 哈尔滨   哈尔滨工业大学出版社  2016
页数: 218页
开本: 23cm
丛书名:
单 册:
中图分类: O413.1-44
科图分类:
主题词: 量子力学--liang zi li xue--研究生--解题
电子资源:
ISBN: 978-7-5603-5868-0
000 01158nam0 2200301 450
001 012001000011
005 20191107171407.40
010    @a978-7-5603-5868-0@dCNY36.00
099    @aCAL 012017006623
100    @a20170113d2016 em y0chiy50 ea
101 0  @achi
102    @aCN@b230000
105    @ay z 000yy
106    @ar
200 1  @a高等量子力学习题解答@Agao deng liang zi li xue xi ti jie da@f井孝功, 郑仰东编著
205    @a第2版
210    @a哈尔滨@c哈尔滨工业大学出版社@d2016
215    @a218页@c图@d23cm
300    @a“十二五”国家重点图书出版规划项目
312    @a英文并列题名取自封面
330    @a本书是作者编著的《高等量子力学导论》教材的配套书。书中收集的165道习题大致可分为三大类,第一类是对教材中没有详细推导的公式进行了推导;第二类是对教材中所讲授理论的具体应用;第三类是对教材内容的扩充和推广。
510 1  @aSolutions to the problems in advanced quantum mechanics@zeng
606 0  @a量子力学@Aliang zi li xue@x研究生@j解题
690    @aO413.1-44@v4
701  0 @a井孝功@Ajing xiao gong@4编著
701  0 @a郑仰东@Azheng yang dong@4编著
801  0 @aCN@b北京卓展文化@c20191020
905    @b1195032-5@dO413.1-44@e125=2@f4
    
    高等量子力学习题解答/井孝功, 郑仰东编著.-第2版.-哈尔滨:哈尔滨工业大学出版社,2016
    218页:图;23cm
    “十二五”国家重点图书出版规划项目
    
    ISBN 978-7-5603-5868-0:CNY36.00
    本书是作者编著的《高等量子力学导论》教材的配套书。书中收集的165道习题大致可分为三大类,第一类是对教材中没有详细推导的公式进行了推导;第二类是对教材中所讲授理论的具体应用;第三类是对教材内容的扩充和推广。
●
相关链接 在E读中查询图书 在五车中查询图书 在当当中查询图书 在豆瓣中查询图书


正题名:高等量子力学习题解答     索取号:O413.1-44/125=2         预约/预借

序号 登录号 条形码 馆藏地/架位号 状态 备注
1 1195032   211950325   第二样本阅览室/ [索取号:O413.1-44/125=2] 在馆    
2 1195033   211950334   第三借阅区/ [索取号:O413.1-44/125=2] 在馆    
3 1195034   211950343   第三借阅区/ [索取号:O413.1-44/125=2] 在馆    
4 1195035   211950352   第三借阅区/ [索取号:O413.1-44/125=2] 在馆    
唐山师范学院图书馆 欢迎您!
大连网信软件有限公司© 版权所有